Normal view
MARC view
Entry Personal Name
001 - CONTROL NUMBER
- control field: 43801
003 - CONTROL NUMBER IDENTIFIER
- control field: ARRUPE
005 - DATE AND TIME OF LATEST TRANSACTION
- control field: 20181205102425.0
008 - FIXED-LENGTH DATA ELEMENTS
- fixed length control field: 181205|| aca||aabn | a|a d
040 ## - CATALOGING SOURCE
- Original cataloging agency: ARRUPE
- Transcribing agency: ARRUPE
100 ## - HEADING--PERSONAL NAME
- Personal name: Lewis, C. S.
- Fuller form of name: (Clive Staples),
- Dates associated with a name: 1898-1963
- General subdivision: Criticism and interpretation.
670 ## - SOURCE DATA FOUND
- Source citation: Work cat.: (ARRUPE)0: Carnell, Corbin Scott. 43800, Bright shadow of reality :, [1974]